000 00838nam a2200253 i 4500
001 11574
003 ES-MaACL
005 20250814063208.0
007 t|
008 920127e1991 sp a rc 001 0|spa
017 _aM 33663-1991
_bOficina Depósito Legal Madrid
020 _a84-404-8419-4
080 _a7.034/.036:069.538(460.27 M.)
245 0 0 _aColección Banco Hispano Americano
260 _a[Madrid] :
_bFundación Banco Hispano Americano,
_c[1991]
300 _a468 páginas :
_bilustraciones (color) ;
_c29 cm.
_e
500 _aÍndice
610 2 4 _aBanco Hispano Americano-
_xColecciones de arte
_92129
710 2 _aFundación Banco Hispano Americano
_eisb
_eedt
_94227
852 _aES-MaACL
_cDEPO2
_jL-18893
942 _2udc
_cMONOGRAFIA
_n0
999 _c11574
_d11574